Detalles MARC
| 000 -CABECERA |
| campo de control de longitud fija |
01845nam a2200241 a 4500 |
| 001 - NÚMERO DE CONTROL |
| campo de control |
000000768 |
| 005 - FECHA Y HORA DE LA ÚLTIMA TRANSACCIÓN |
| campo de control |
20250621074003.0 |
| 008 - DATOS DE LONGITUD FIJA--INFORMACIÓN GENERAL |
| campo de control de longitud fija |
090509s2003 dr 000 0 spa d |
| 040 ## - FUENTE DE LA CATALOGACIÓN |
| Centro catalogador/agencia de origen |
DO-SdBNP |
| Lengua de catalogación |
spa |
| Centro/agencia transcriptor |
BNPHU |
| 082 ## - NÚMERO DE LA CLASIFICACIÓN DECIMAL DEWEY |
| Número de clasificación |
324.97293 |
| Número de documento/Ítem |
F359v |
| 100 1# - ENTRADA PRINCIPAL--NOMBRE DE PERSONA |
| Nombre de persona |
Fermín Montaño, Víctor |
| 9 (RLIN) |
2625 |
| 245 10 - MENCIÓN DE TÍTULO |
| Título |
Voto culpable del subdesarrollo dominicano / |
| Mención de responsabilidad, etc. |
Víctor Fermín Montaño. |
| 260 ## - PUBLICACIÓN, DISTRIBUCIÓN, ETC. |
| Lugar de publicación, distribución, etc. |
Santo Domingo : |
| Nombre del editor, distribuidor, etc. |
[s.n.], |
| Fecha de publicación, distribución, etc. |
2003. |
| 300 ## - DESCRIPCIÓN FÍSICA |
| Extensión |
277 p. ; |
| Dimensiones |
21 cm. |
| 504 ## - NOTA DE BIBLIOGRAFÍA, ETC. |
| Nota de bibliografía, etc. |
Incluye referencias bibliográficas y notas al pie de las páginas |
| 505 2# - NOTA DE CONTENIDO CON FORMATO |
| Título |
Introducción -- |
| -- |
Primera parte -- |
| Información miscelánea |
Capítulo 1.-- |
| Título |
La virtud del voto dominicano -- |
| Información miscelánea |
Capítulo 2. -- |
| Título |
Diversidad del voto dominicano -- |
| Información miscelánea |
Capítulo 3. -- |
| Título |
Raíces histórico-culturales del voto desinterasado dominicano -- |
| Información miscelánea |
Capítulo 4.-- |
| Título |
Conversión del voto desinteresado -- |
| Información miscelánea |
Segunda parte -- |
| -- |
Capítulo 5.-- |
| Título |
La política producto de la evolución socio-humana -- |
| Información miscelánea |
Capítulo 6.-- |
| Título |
Características negativas del sistema de partido en República Dominicana -- |
| Información miscelánea |
Capítulo 7. -- |
| Título |
Evaluación de los candidatos a funcionarios públicos -- |
| Información miscelánea |
Capítulo 8.-- |
| Título |
El Estado como concepto sociopolítico -- |
| Información miscelánea |
Capítulo 9.-- |
| Título |
Progresismo: metodología para las exigencias de las sociedades al estado -- |
| Información miscelánea |
Tercera parte -- |
| -- |
Capítulo 10.-- |
| Título |
La sociedad como concepto sociopolítico -- |
| Información miscelánea |
Capítulo 11.-- |
| Título |
La autoridad como concepto sociopolítico -- |
| Información miscelánea |
Capítulo 12 -- |
| Título |
Revocacionismo: próximo paso probable en el proceso evolutivo de la democracia capitalista -- |
| -- |
Fuentes bibliográficas. |
| 590 ## - NOTA LOCAL (RLIN) |
| Nota local |
Inventariado, 2018/BT |
| 650 #4 - PUNTO DE ACCESO ADICIONAL DE MATERIA--TÉRMINO DE MATERIA |
| Término de materia o nombre geográfico como elemento de entrada |
Voto |
| Subdivisión geográfica |
República Dominicana |
| Subdivisión general |
Historia |
| 9 (RLIN) |
2626 |
| 651 #4 - PUNTO DE ACCESO ADICIONAL DE MATERIA--NOMBRE GEOGRÁFICO |
| Nombre geográfico |
República Dominicana |
| Subdivisión general |
Historia |
| 9 (RLIN) |
170 |
| 651 #0 - PUNTO DE ACCESO ADICIONAL DE MATERIA--NOMBRE GEOGRÁFICO |
| Nombre geográfico |
República Dominicana |
| Subdivisión general |
Política y gobierno |
| 9 (RLIN) |
45 |
| 651 #4 - PUNTO DE ACCESO ADICIONAL DE MATERIA--NOMBRE GEOGRÁFICO |
| Nombre geográfico |
República Dominicana |
| Subdivisión general |
Política Social |
| 9 (RLIN) |
2627 |
| 910 ## - DATOS DE OPCIÓN DEL USUARIO (OCLC) |
| Datos de opción del usuario |
Validado. Control de calidad. MMOLINA |